000 00284 a2200121 4500
001 146831
040 _cEscola São Tomás de Aquino
100 _aMACHADO, Ana Maria
240 1 0 _aCachinhos de ouro
_lpor
245 1 0 _aCachinhos de ouro
697 _a*LITERATURA INFANTO
942 _cBK
999 _c146831
_d146831